[Event "European Individual Championship - Reyk"]
[Site "Reykjavik, Iceland"]
[Date "2021.08.28"]
[Round "3.27"]
[White "Kobo, Ori"]
[Black "Gajewski, Grzegorz"]
[Result "0-1"]
[WhiteElo "2490"]
[BlackElo "2617"]
[PlyCount "120"]
[EventDate "2021.??.??"]

1. d4 {[%emt 0:00:02]} Nf6 {[%emt 0:00:24]} 2. c4 {[%emt 0:00:04]} e6 {[%emt 0:
00:07]} 3. Nc3 {[%emt 0:00:12]} Bb4 {[%emt 0:00:09]} 4. e3 {[%emt 0:00:46]} O-O
5. Bd3 c5 {[%emt 0:01:10]} 6. Nf3 {[%emt 0:00:02]} d5 {[%emt 0:06:12]} 7. cxd5
{[%emt 0:00:31]} cxd4 {[%emt 0:04:40]} 8. exd4 {[%emt 0:00:09]} exd5 {[%emt 0:
00:12]} 9. O-O {[%emt 0:00:31]} Nc6 {[%emt 0:00:53]} 10. Bg5 {[%emt 0:02:17]}
Bxc3 {[%emt 0:00:59]} 11. bxc3 {[%emt 0:00:06]} h6 {[%emt 0:00:03]} 12. Bh4 {
[%emt 0:01:14]} g5 {[%emt 0:00:53]} 13. Bg3 {[%emt 0:17:07]} Ne4 {[%emt 0:00:
17]} 14. Qb3 {[%emt 0:24:48]} Bf5 {[%emt 0:16:49]} 15. Bxe4 {[%emt 0:00:58]}
dxe4 {[%emt 0:00:14]} 16. Ne5 {[%emt 0:11:53]} Na5 {[%emt 0:04:30]} 17. Qb5 {
[%emt 0:03:17]} Qb6 {[%emt 0:06:52]} 18. Qa4 {[%emt 0:00:19]} Rac8 {[%emt 0:23:
20]} 19. Rab1 {[%emt 0:02:52]} Qd8 {[%emt 0:02:49]} 20. Rb5 {[%emt 0:15:48]} b6
{[%emt 0:00:11]} 21. Nc6 {[%emt 0:01:55]} Nxc6 {[%emt 0:00:06]} 22. Rxf5 {
[%emt 0:00:04]} Ne7 {[%emt 0:05:01]} 23. Rf6 {[%emt 0:00:34]} Ng6 {[%emt 0:07:
49]} 24. Rd6 {[%emt 0:01:20]} Qe7 25. Rd7 {[%emt 0:01:45]} Qe6 {[%emt 0:00:42]}
26. d5 {[%emt 0:01:51]} Qf5 27. d6 {[%emt 0:01:59]} Rxc3 {[%emt 0:02:45]} 28.
Rxa7 {[%emt 0:01:21]} Rd3 {[%emt 0:00:37]} 29. d7 {[%emt 0:06:27]} b5 {[%emt 0:
01:41]} 30. Qb4 {[%emt 0:00:02]} Rd8 {[%emt 0:06:08]} 31. Rb7 {[%emt 0:00:52]}
Rd5 {[%emt 0:00:17]} 32. h3 {[%emt 0:01:02]} R8xd7 {[%emt 0:00:18]} 33. Rxd7 {
[%emt 0:00:36]} Rxd7 {[%emt 0:00:04]} 34. Re1 {[%emt 0:01:13]} Re7 {[%emt 0:00:
37]} 35. Re3 {[%emt 0:00:45]} Qd5 {[%emt 0:03:13]} 36. Rb3 {[%emt 0:00:21]} f5
{[%emt 0:00:31]} 37. Qd6 {[%emt 0:00:41]} Qxd6 {[%emt 0:00:22]} 38. Bxd6 {
[%emt 0:00:01]} Rb7 {[%emt 0:01:56]} 39. Rb4 {[%emt 0:00:58]} Kf7 {[%emt 0:05:
45]} 40. a4 {[%emt 0:00:30]} Rd7 {[%emt 0:00:19]} 41. Bb8 {[%emt 0:03:54]} bxa4
{[%emt 0:03:19]} 42. Rxa4 {[%emt 0:00:02]} Rb7 {[%emt 0:01:55]} 43. Bd6 {
[%emt 0:04:06]} Rb6 {[%emt 0:02:56]} 44. Bc7 {[%emt 0:02:37]} Rc6 {[%emt 0:02:
41]} 45. Bb8 {[%emt 0:00:34]} Ke6 {[%emt 0:00:04]} 46. Kf1 {[%emt 0:03:07]} Rb6
{[%emt 0:08:45]} 47. Bc7 {[%emt 0:00:44]} Rb1+ {[%emt 0:00:02]} 48. Ke2 {
[%emt 0:00:06]} Nh4 {[%emt 0:03:56]} 49. Ra6+ {[%emt 0:06:10]} Kd7 {[%emt 0:00:
42]} 50. Be5 {[%emt 0:02:48]} Nxg2 {[%emt 0:00:26]} 51. Rd6+ {[%emt 0:01:48]}
Ke7 {[%emt 0:05:52]} 52. Rxh6 {[%emt 0:00:17]} Nh4 {[%emt 0:00:13]} 53. Bf6+ {
[%emt 0:01:46]} Kd7 {[%emt 0:03:51]} 54. Bxg5 {[%emt 0:08:37]} Nf3 55. Rh7+ {
[%emt 0:00:48]} Ke6 {[%emt 0:00:19]} 56. Rh6+ {[%emt 0:00:13]} Kd5 {[%emt 0:00:
27]} 57. Ke3 {[%emt 0:00:52]} Nxg5 {[%emt 0:00:09]} 58. Rh5 {[%emt 0:00:36]}
Rb3+ {[%emt 0:00:13]} 59. Ke2 {[%emt 0:00:26]} Nxh3 {[%emt 0:00:30]} 60. Rxf5+
{[%emt 0:00:04]} Kd4 {[%emt 0:00:12]} 0-1

[Event "European Individual Championship - Reyk"]
[Site "Reykjavik, Iceland"]
[Date "2021.08.28"]
[Round "3.28"]
[White "Bartel, Mateusz"]
[Black "Saraci, Nderim"]
[Result "1/2-1/2"]
[WhiteElo "2611"]
[BlackElo "2455"]
[PlyCount "107"]
[EventDate "2021.??.??"]

1. e4 e5 2. Nf3 Nc6 3. Bb5 Nf6 4. d3 Bc5 5. Bg5 O-O 6. Nbd2 Nd4 7. Nxd4 Bxd4 8.
c3 Bb6 9. Nc4 h6 10. Nxb6 axb6 11. Bh4 c6 12. Bc4 d6 13. O-O {[%emt 0:01:06]}
b5 {[%emt 0:10:10]} 14. Bb3 Be6 {[%emt 0:00:14]} 15. Bc2 {[%emt 0:04:50]} g5 {
[%emt 0:17:25]} 16. Bg3 {[%emt 0:01:53]} Bg4 {[%emt 0:00:44]} 17. f3 {[%emt 0:
00:50]} Be6 {[%emt 0:00:20]} 18. Bf2 {[%emt 0:04:17]} Qe7 {[%emt 0:02:14]} 19.
d4 {[%emt 0:01:24]} Kg7 {[%emt 0:01:42]} 20. Qd2 {[%emt 0:03:49]} c5 {[%emt 0:
04:41]} 21. a3 {[%emt 0:05:29]} Rac8 {[%emt 0:01:59]} 22. a4 {[%emt 0:11:39]}
bxa4 {[%emt 0:02:26]} 23. Rxa4 {[%emt 0:00:03]} cxd4 {[%emt 0:05:44]} 24. cxd4
{[%emt 0:00:21]} Bc4 {[%emt 0:02:44]} 25. Re1 {[%emt 0:05:47]} Qc7 {[%emt 0:00:
35]} 26. Ra3 {[%emt 0:00:21]} Ba6 {[%emt 0:03:08]} 27. Bb1 {[%emt 0:02:16]}
Rfe8 {[%emt 0:00:42]} 28. Be3 {[%emt 0:06:09]} Nh7 {[%emt 0:01:25]} 29. Rc3 {
[%emt 0:03:02]} Qa5 {[%emt 0:01:12]} 30. h4 {[%emt 0:00:11]} Rxc3 {[%emt 0:00:
31]} 31. hxg5 {[%emt 0:02:58]} hxg5 {[%emt 0:02:03]} 32. bxc3 {[%emt 0:01:11]}
Rc8 {[%emt 0:00:26]} 33. Rc1 {[%emt 0:05:32]} Qd8 {[%emt 0:01:50]} 34. Ba2 {
[%emt 0:00:18]} Qe7 {[%emt 0:00:32]} 35. c4 {[%emt 0:00:52]} f6 {[%emt 0:00:53]
} 36. Qb4 {[%emt 0:03:43]} Nf8 {[%emt 0:00:58]} 37. dxe5 {[%emt 0:00:17]} Qxe5
{[%emt 0:00:32]} 38. Rd1 {[%emt 0:00:40]} Rc6 {[%emt 0:01:04]} 39. Bd4 {
[%emt 0:00:29]} Qe7 {[%emt 0:01:35]} 40. Bb2 {[%emt 0:02:30]} Nd7 {[%emt 0:01:
07]} 41. Rd5 {[%emt 0:01:15]} Rc5 {[%emt 0:09:30]} 42. Qd2 {[%emt 0:00:48]}
Rxd5 {[%emt 0:00:42]} 43. Qxd5 {[%emt 0:04:17]} Ne5 {[%emt 0:02:04]} 44. Ba3 {
[%emt 0:05:57]} Qf7 {[%emt 0:01:25]} 45. Qxd6 {[%emt 0:07:14]} Bxc4 {[%emt 0:
00:09]} 46. Bb1 {[%emt 0:00:06]} Ba2 {[%emt 0:01:25]} 47. Bxa2 {[%emt 0:08:55]}
Qxa2 {[%emt 0:00:08]} 48. Qf8+ {[%emt 0:00:02]} Kg6 {[%emt 0:00:17]} 49. Bd6 {
[%emt 0:00:05]} Qe6 {[%emt 0:03:08]} 50. Bxe5 {[%emt 0:00:46]} Qxe5 {[%emt 0:
02:18]} 51. Qg8+ {[%emt 0:00:06]} Kh6 {[%emt 0:00:07]} 52. Qh8+ {[%emt 0:00:33]
} Kg6 {[%emt 0:00:05]} 53. Qg8+ {[%emt 0:00:04]} Kh6 {[%emt 0:00:06]} 54. Qh8+
{[%emt 0:00:05]} 1/2-1/2

[Event "European Individual Championship - Reyk"]
[Site "Reykjavik, Iceland"]
[Date "2021.08.28"]
[Round "3.29"]
[White "Wecker, Martin"]
[Black "Mamedov, Nidjat"]
[Result "0-1"]
[WhiteElo "2195"]
[BlackElo "2595"]
[PlyCount "94"]
[EventDate "2021.??.??"]

1. Nf3 {[%emt 0:01:51]} Nf6 2. c4 g6 3. d4 Bg7 4. g3 O-O 5. Bg2 d6 6. O-O Nc6
7. Nc3 a6 8. Bf4 Bg4 9. Qd2 Rb8 10. Rac1 Re8 11. Rfd1 Nd7 12. Be3 e5 13. dxe5
Ndxe5 14. b3 Nxf3+ 15. exf3 Be6 16. Ne4 f6 17. h3 Qe7 18. Nc3 Qf7 19. Nd5 Rbc8
20. f4 Bf5 21. Nc3 h5 22. Re1 Kh7 23. Kh2 Rcd8 24. Nd5 Rd7 25. f3 {[%emt 0:00:
05]} Be6 {[%emt 0:01:46]} 26. Bf2 {[%emt 0:04:22]} f5 {[%emt 0:01:45]} 27. Bf1
{[%emt 0:03:35]} Rdd8 {[%emt 0:01:28]} 28. Kg2 {[%emt 0:02:48]} Nb8 {[%emt 0:
01:33]} 29. Bd4 {[%emt 0:09:54]} c5 {[%emt 0:00:15]} 30. Bxg7 {[%emt 0:03:33]}
Qxg7 {[%emt 0:00:07]} 31. Qc3 {[%emt 0:03:53]} Bxd5 {[%emt 0:00:13]} 32. Qxg7+
{[%emt 0:00:30]} Kxg7 {[%emt 0:00:04]} 33. cxd5 {[%emt 0:00:07]} Nd7 {[%emt 0:
02:19]} 34. a4 {[%emt 0:00:36]} Nf6 {[%emt 0:03:39]} 35. Bc4 {[%emt 0:00:18]}
Rxe1 {[%emt 0:00:58]} 36. Rxe1 {[%emt 0:00:07]} Re8 {[%emt 0:00:05]} 37. Rxe8 {
[%emt 0:03:30]} Nxe8 {[%emt 0:00:09]} 38. g4 {[%emt 0:02:52]} h4 {[%emt 0:02:
21]} 39. gxf5 {[%emt 0:05:07]} gxf5 {[%emt 0:00:06]} 40. Kf2 {[%emt 0:02:22]}
Nc7 {[%emt 0:04:38]} 41. a5 {[%emt 0:01:34]} Kf6 {[%emt 0:01:24]} 42. Ke3 {
[%emt 0:01:33]} Na8 {[%emt 0:00:28]} 43. Kd2 {[%emt 0:08:49]} b5 {[%emt 0:01:
16]} 44. axb6 {[%emt 0:00:06]} Nxb6 {[%emt 0:00:03]} 45. Kc3 {[%emt 0:01:03]}
a5 {[%emt 0:00:07]} 46. Kb2 {[%emt 0:00:51]} a4 {[%emt 0:00:20]} 47. Ka3 {
[%emt 0:05:34]} axb3 {[%emt 0:00:27]} 0-1

[Event "European Individual Championship - Reyk"]
[Site "Reykjavik, Iceland"]
[Date "2021.08.28"]
[Round "3.30"]
[White "Romanov, Evgeny"]
[Black "Grigorian, Spartak"]
[Result "1-0"]
[WhiteElo "2594"]
[BlackElo "2448"]
[PlyCount "79"]
[EventDate "2021.??.??"]

1. e4 {[%emt 0:05:22]} c5 {[%emt 0:00:24]} 2. Nf3 d6 3. Bb5+ {[%emt 0:00:08]}
Bd7 {[%emt 0:02:48]} 4. Bxd7+ {[%emt 0:00:37]} Qxd7 {[%emt 0:00:08]} 5. O-O {
[%emt 0:00:08]} Nf6 {[%emt 0:00:17]} 6. Qe2 {[%emt 0:00:10]} Nc6 {[%emt 0:00:
20]} 7. c3 {[%emt 0:00:10]} e6 {[%emt 0:01:22]} 8. d4 {[%emt 0:00:24]} cxd4 {
[%emt 0:00:23]} 9. cxd4 {[%emt 0:00:06]} d5 {[%emt 0:00:06]} 10. e5 {[%emt 0:
00:40]} Ng8 11. Nbd2 {[%emt 0:09:27]} Nge7 {[%emt 0:03:28]} 12. Nb3 {[%emt 0:
00:53]} Rc8 {[%emt 0:16:29]} 13. Bd2 {[%emt 0:04:51]} Rc7 {[%emt 0:18:05]} 14.
Rac1 {[%emt 0:03:32]} Nc8 {[%emt 0:02:51]} 15. Ne1 {[%emt 0:08:38]} Nb6 {
[%emt 0:08:27]} 16. Nd3 {[%emt 0:01:35]} Nc4 {[%emt 0:01:10]} 17. Bc3 {[%emt 0:
05:10]} b6 {[%emt 0:09:43]} 18. Qg4 {[%emt 0:15:56]} g6 {[%emt 0:07:38]} 19.
Rc2 {[%emt 0:08:26]} Be7 {[%emt 0:04:15]} 20. Nd2 {[%emt 0:00:58]} Nxd2 {
[%emt 0:13:16]} 21. Rxd2 {[%emt 0:01:35]} a5 {[%emt 0:00:02]} 22. Nf4 {[%emt 0:
01:35]} Nb4 {[%emt 0:08:54]} 23. Ra1 {[%emt 0:03:22]} Rc4 {[%emt 0:00:57]} 24.
Qg3 {[%emt 0:03:51]} Qc6 {[%emt 0:00:08]} 25. h4 {[%emt 0:06:31]} h5 {[%emt 0:
00:28]} 26. a3 {[%emt 0:00:27]} Na6 {[%emt 0:00:02]} 27. Rd3 {[%emt 0:00:09]}
a4 {[%emt 0:01:17]} 28. Rf3 {[%emt 0:00:16]} Nc7 {[%emt 0:00:34]} 29. Bb4 {
[%emt 0:11:06]} Bxb4 {[%emt 0:00:33]} 30. axb4 {[%emt 0:00:06]} Rc1+ {[%emt 0:
01:30]} 31. Rxc1 {[%emt 0:00:07]} Qxc1+ {[%emt 0:00:01]} 32. Kh2 {[%emt 0:00:
06]} Qxb2 {[%emt 0:00:03]} 33. Nxg6 {[%emt 0:05:06]} Rg8 {[%emt 0:02:14]} 34.
Qf4 {[%emt 0:00:28]} Rg7 {[%emt 0:00:31]} 35. Qf6 {[%emt 0:00:43]} Rxg6 {
[%emt 0:00:11]} 36. Qxf7+ {[%emt 0:00:06]} Kd8 {[%emt 0:00:03]} 37. Qf8+ {
[%emt 0:03:21]} Kd7 {[%emt 0:00:39]} 38. Qd6+ {[%emt 0:00:32]} Kc8 {[%emt 0:00:
05]} 39. Qc6 {[%emt 0:00:14]} Qxb4 {[%emt 0:01:36]} 40. Rf7 {[%emt 0:00:18]}
1-0

[Event "European Individual Championship - Reyk"]
[Site "Reykjavik, Iceland"]
[Date "2021.08.28"]
[Round "3.31"]
[White "Parligras, Mircea-Emilian"]
[Black "Petkov, Momchil"]
[Result "1-0"]
[WhiteElo "2591"]
[BlackElo "2443"]
[PlyCount "55"]
[EventDate "2021.??.??"]

1. d4 Nf6 {[%emt 0:00:25]} 2. c4 {[%emt 0:00:18]} e6 {[%emt 0:00:08]} 3. Nc3 {
[%emt 0:00:21]} Bb4 {[%emt 0:00:29]} 4. e3 {[%emt 0:00:20]} O-O {[%emt 0:00:51]
} 5. Nf3 {[%emt 0:00:22]} d5 {[%emt 0:01:29]} 6. Bd2 {[%emt 0:00:37]} b6 {
[%emt 0:01:55]} 7. cxd5 {[%emt 0:01:29]} exd5 8. Bd3 {[%emt 0:00:59]} Bb7 {
[%emt 0:08:02]} 9. Rc1 {[%emt 0:02:11]} a6 {[%emt 0:00:45]} 10. O-O {[%emt 0:
00:41]} Bd6 {[%emt 0:00:19]} 11. Ne5 {[%emt 0:01:01]} c5 {[%emt 0:01:07]} 12.
f4 {[%emt 0:00:29]} Nc6 {[%emt 0:02:33]} 13. Ne2 {[%emt 0:12:47]} Ne7 {[%emt 0:
06:30]} 14. Ng3 {[%emt 0:05:32]} cxd4 {[%emt 0:27:14]} 15. exd4 {[%emt 0:00:33]
} Ne4 {[%emt 0:01:55]} 16. f5 {[%emt 0:12:35]} f6 {[%emt 0:09:23]} 17. Nxe4 {
[%emt 0:04:36]} dxe4 18. Bc4+ Nd5 19. Qb3 {[%emt 0:16:54]} Bc7 {[%emt 0:01:46]}
20. Ng6 {[%emt 0:09:25]} hxg6 {[%emt 0:12:30]} 21. fxg6 {[%emt 0:00:06]} Qd7 {
[%emt 0:00:13]} 22. Qd1 {[%emt 0:07:31]} Rfe8 {[%emt 0:08:51]} 23. Qh5 {
[%emt 0:01:14]} a5 {[%emt 0:04:02]} 24. Bxd5+ {[%emt 0:02:59]} Bxd5 {[%emt 0:
00:49]} 25. Qh7+ {[%emt 0:00:39]} Kf8 {[%emt 0:00:06]} 26. Rxf6+ {[%emt 0:00:
17]} Ke7 {[%emt 0:00:07]} 27. Bg5 {[%emt 0:00:46]} Bxh2+ {[%emt 0:01:32]} 28.
Kh1 {[%emt 0:02:58]} 1-0

[Event "European Individual Championship - Reyk"]
[Site "Reykjavik, Iceland"]
[Date "2021.08.28"]
[Round "3.32"]
[White "Nguyen, Thai Dai Van"]
[Black "Lubbe, Nikolas"]
[Result "1-0"]
[WhiteElo "2588"]
[BlackElo "2427"]
[PlyCount "113"]
[EventDate "2021.??.??"]

1. Nf3 {[%emt 0:04:45]} d5 2. g3 Nf6 3. Bg2 e6 4. O-O Be7 5. c4 O-O 6. d4 c6 7.
Nc3 a5 8. Re1 b6 9. Nd2 Ba6 10. cxd5 cxd5 11. e4 dxe4 12. Ndxe4 Ra7 {[%emt 0:
00:04]} 13. Nxf6+ {[%emt 0:05:56]} Bxf6 14. d5 {[%emt 0:00:03]} Rd7 {[%emt 0:
05:20]} 15. Qh5 {[%emt 0:02:30]} g6 {[%emt 0:07:32]} 16. Qf3 {[%emt 0:00:51]}
exd5 {[%emt 0:13:23]} 17. Bh6 {[%emt 0:16:45]} Bb7 {[%emt 0:01:31]} 18. Bxf8 {
[%emt 0:04:59]} Kxf8 {[%emt 0:00:18]} 19. Bh3 {[%emt 0:07:47]} d4 {[%emt 0:10:
23]} 20. Ne4 {[%emt 0:01:04]} Be5 {[%emt 0:06:11]} 21. Bxd7 {[%emt 0:03:56]}
Nxd7 {[%emt 0:00:22]} 22. Qa3+ {[%emt 0:01:10]} Kg7 {[%emt 0:05:33]} 23. Nd6 {
[%emt 0:01:08]} Ba8 {[%emt 0:00:29]} 24. f4 {[%emt 0:01:00]} Bxd6 {[%emt 0:00:
20]} 25. Qxd6 {[%emt 0:00:05]} Qc8 {[%emt 0:00:13]} 26. Qxd4+ {[%emt 0:05:05]}
Nf6 {[%emt 0:00:15]} 27. Re2 {[%emt 0:05:00]} Qc6 {[%emt 0:00:33]} 28. Kf2 {
[%emt 0:02:51]} Qf3+ {[%emt 0:08:28]} 29. Ke1 {[%emt 0:00:04]} Qh1+ {[%emt 0:
00:29]} 30. Kd2 {[%emt 0:00:04]} Qxa1 {[%emt 0:00:23]} 31. g4 {[%emt 0:00:06]}
Qh1 {[%emt 0:03:41]} 32. g5 {[%emt 0:00:29]} Qc6 {[%emt 0:00:03]} 33. Re7 {
[%emt 0:06:14]} h6 {[%emt 0:00:48]} 34. h4 {[%emt 0:01:09]} Qg2+ {[%emt 0:00:
46]} 35. Re2 {[%emt 0:00:15]} Qc6 {[%emt 0:00:21]} 36. Re7 {[%emt 0:02:51]}
Qg2+ {[%emt 0:00:16]} 37. Re2 {[%emt 0:00:20]} Qc6 {[%emt 0:00:06]} 38. gxf6+ {
[%emt 0:04:03]} Qxf6 {[%emt 0:00:59]} 39. Kc3 {[%emt 0:00:05]} Bc6 {[%emt 0:00:
36]} 40. a3 {[%emt 0:00:58]} a4 {[%emt 0:00:55]} 41. Qxf6+ {[%emt 0:11:02]}
Kxf6 {[%emt 0:00:03]} 42. Re5 {[%emt 0:00:06]} Bd7 {[%emt 0:04:21]} 43. Kd4 {
[%emt 0:01:45]} Bc6 {[%emt 0:00:24]} 44. Kc4 {[%emt 0:00:47]} Bd7 {[%emt 0:00:
12]} 45. Kd5 {[%emt 0:03:40]} Bf5 {[%emt 0:05:50]} 46. Kd6 {[%emt 0:03:06]} Bd3
{[%emt 0:00:47]} 47. Kc7 {[%emt 0:00:34]} b5 {[%emt 0:00:06]} 48. Kd8 {[%emt 0:
00:07]} Kg7 {[%emt 0:04:04]} 49. Ke7 {[%emt 0:00:06]} f5 {[%emt 0:03:43]} 50.
Re6 {[%emt 0:05:10]} Bf1 {[%emt 0:03:53]} 51. Rf6 {[%emt 0:01:29]} Bc4 {
[%emt 0:00:14]} 52. Rb6 {[%emt 0:00:51]} Bd3 {[%emt 0:01:30]} 53. Rd6 {[%emt 0:
01:26]} Bc4 {[%emt 0:05:27]} 54. Kd7 {[%emt 0:03:39]} Be2 {[%emt 0:02:12]} 55.
Kc6 {[%emt 0:00:32]} Bc4 {[%emt 0:03:27]} 56. Kc5 {[%emt 0:00:05]} Be2 {
[%emt 0:00:17]} 57. Kd4 {[%emt 0:00:05]} 1-0

[Event "European Individual Championship - Reyk"]
[Site "Reykjavik, Iceland"]
[Date "2021.08.28"]
[Round "3.35"]
[White "Banusz, Tamas"]
[Black "Kjartansson, David"]
[Result "1-0"]
[WhiteElo "2631"]
[BlackElo "2326"]
[PlyCount "37"]
[EventDate "2021.??.??"]

1. d4 Nf6 {[%emt 0:00:25]} 2. Nf3 {[%emt 0:00:02]} e6 {[%emt 0:00:28]} 3. g3 {
[%emt 0:00:06]} d5 {[%emt 0:00:52]} 4. Bg2 {[%emt 0:00:13]} Be7 {[%emt 0:00:45]
} 5. c4 {[%emt 0:00:06]} O-O {[%emt 0:00:44]} 6. O-O {[%emt 0:00:25]} dxc4 {
[%emt 0:00:35]} 7. Qc2 {[%emt 0:00:10]} b5 {[%emt 0:04:00]} 8. a4 {[%emt 0:00:
23]} b4 {[%emt 0:00:20]} 9. Nfd2 {[%emt 0:00:48]} Nd5 {[%emt 0:01:33]} 10. Nxc4
Ba6 {[%emt 0:11:27]} 11. Rd1 {[%emt 0:09:07]} c5 {[%emt 0:05:21]} 12. e4 {
[%emt 0:03:05]} Nb6 {[%emt 0:23:26]} 13. dxc5 {[%emt 0:06:40]} b3 {[%emt 0:01:
04]} 14. Rxd8 {[%emt 0:02:35]} bxc2 {[%emt 0:00:16]} 15. Rxf8+ {[%emt 0:00:17]}
Kxf8 {[%emt 0:00:25]} 16. cxb6 {[%emt 0:00:29]} cxb1=Q {[%emt 0:01:17]} 17.
Rxb1 {[%emt 0:00:16]} Nc6 {[%emt 0:00:34]} 18. e5 {[%emt 0:01:19]} Rd8 {
[%emt 0:01:25]} 19. Bxc6 {[%emt 0:02:13]} 1-0

[Event "European Individual Championship - Reyk"]
[Site "Reykjavik, Iceland"]
[Date "2021.08.28"]
[Round "3.36"]
[White "Aizenberg, Benny"]
[Black "Bosiocic, Marin"]
[Result "1-0"]
[WhiteElo "2309"]
[BlackElo "2610"]
[PlyCount "73"]
[EventDate "2021.??.??"]

1. e4 c5 2. Nf3 Nc6 3. d4 cxd4 4. Nxd4 e5 5. Nb5 d6 6. N1c3 a6 7. Na3 Be7 8.
Nc4 b5 9. Ne3 Nf6 10. Ned5 O-O 11. Bd3 Be6 12. O-O b4 13. Nxf6+ Bxf6 14. Nd5
Bxd5 15. exd5 Ne7 16. Qf3 a5 17. a3 Rb8 18. Bd2 Kh8 19. axb4 axb4 20. Ra7 b3
21. cxb3 Rxb3 22. Bc3 Bg5 23. Qg4 h6 24. h4 Bf4 25. Qd7 Qxd7 {[%emt 0:06:55]}
26. Rxd7 {[%emt 0:00:01]} Nxd5 {[%emt 0:06:38]} 27. Bc4 {[%emt 0:02:16]} Nxc3 {
[%emt 0:02:34]} 28. Bxb3 {[%emt 0:00:54]} Ne2+ {[%emt 0:00:34]} 29. Kh1 {
[%emt 0:00:02]} f5 {[%emt 0:00:17]} 30. Bc4 {[%emt 0:03:03]} Nd4 {[%emt 0:00:
31]} 31. Rxd6 {[%emt 0:00:26]} h5 {[%emt 0:01:09]} 32. g3 {[%emt 0:03:17]} Bh6
{[%emt 0:00:06]} 33. f4 {[%emt 0:01:13]} Nc2 {[%emt 0:00:10]} 34. fxe5 {
[%emt 0:00:45]} Ne3 {[%emt 0:00:09]} 35. e6 {[%emt 0:01:36]} Kh7 {[%emt 0:00:
53]} 36. e7 {[%emt 0:01:12]} Re8 {[%emt 0:00:18]} 37. Bf7 {[%emt 0:00:12]} 1-0

[Event "European Individual Chess Championship "]
[Site "Reykjavik, Iceland"]
[Date "2021.08.28"]
[Round "3.41"]
[White "Blohberger, Felix"]
[Black "Thorsteinsson, Thorsteinn"]
[Result "1-0"]
[WhiteElo "2502"]
[BlackElo "2260"]
[PlyCount "47"]
[EventDate "2021.08.26"]

1. e4 e6 2. d4 d5 3. Nd2 Nf6 4. e5 Nfd7 5. Bd3 c5 6. c3 Nc6 7. Ne2 a5 8. a4 Qb6
9. Nf3 cxd4 10. cxd4 Bb4+ 11. Bd2 Bxd2+ 12. Qxd2 Qb4 13. Bb5 Qxd2+ 14. Kxd2
Ndb8 15. Rhc1 Bd7 16. Ra3 Ke7 17. Ne1 Rc8 18. Rac3 Na6 19. Nd3 Ncb4 20. Nxb4
Rxc3 21. Nxd5+ exd5 22. Rxc3 Rc8 23. Bxa6 bxa6 24. Nf4 1-0

[Event "European Individual Chess Championship "]
[Site "Reykjavik, Iceland"]
[Date "2021.08.28"]
[Round "3.42"]
[White "Druska, Juraj"]
[Black "Humburg, Philipp"]
[Result "1-0"]
[WhiteElo "2493"]
[BlackElo "2245"]
[PlyCount "93"]
[EventDate "2021.08.26"]

1. e4 c6 2. Nf3 d5 3. d3 dxe4 4. dxe4 Qxd1+ 5. Kxd1 Nf6 6. Nbd2 Nbd7 7. Ne1 e5
8. f3 Bd6 9. a4 a5 10. Nc4 Bc7 11. Nd3 b6 12. c3 Ba6 13. Ne3 g6 14. Kc2 Bd6 15.
b3 Ke7 16. Ba3 Bxa3 17. Rxa3 Rhd8 18. Nb2 Bxf1 19. Rxf1 Ne8 20. Nbc4 Nd6 21.
Rd1 Nxc4 22. Nxc4 f6 23. Rxd7+ Kxd7 24. Nxb6+ Ke6 25. Nxa8 Rxa8 26. b4 f5 27.
Kb3 Kd6 28. Ra2 Rf8 29. Rd2+ Kc7 30. Re2 Kd6 31. Kc4 fxe4 32. Rxe4 Ra8 33. Kb3
Rb8 34. Rc4 h5 35. Rc5 axb4 36. cxb4 g5 37. a5 g4 38. fxg4 hxg4 39. a6 Ra8 40.
Ra5 e4 41. Kc2 Kc7 42. a7 Kb6 43. Kc3 c5 44. Ra2 Kb5 45. bxc5 Kxc5 46. Kd2 Kd4
47. Ra4+ 1-0

[Event "European Individual Chess Championship "]
[Site "Reykjavik, Iceland"]
[Date "2021.08.28"]
[Round "3.43"]
[White "Koellner, Aaron Noah"]
[Black "Sebenik, Matej"]
[Result "0-1"]
[WhiteElo "2248"]
[BlackElo "2492"]
[PlyCount "104"]
[EventDate "2021.08.26"]

1. d4 Nf6 2. Bg5 d5 3. e3 c5 4. dxc5 Ne4 5. Bf4 Nc6 6. Nf3 f6 7. Nfd2 Nxc5 8.
Nc3 e5 9. Bg3 Be6 10. Be2 Be7 11. Bh5+ g6 12. Bf3 O-O 13. Nb3 Nxb3 14. cxb3 e4
15. Be2 f5 16. Nb5 Rc8 17. Nd4 Qa5+ 18. Kf1 Bf7 19. a3 Qb6 20. Nxc6 bxc6 21.
Be5 c5 22. b4 Bf6 23. bxc5 Rxc5 24. Bxf6 Qxf6 25. b4 Rc2 26. Rc1 Ra2 27. Qb3
Rb2 28. Qd1 f4 29. exf4 Qxf4 30. g3 Qf6 31. Kg2 d4 32. Rf1 d3 33. Bxd3 exd3 34.
Qxd3 Be6 35. Qe3 Bd5+ 36. Kg1 Rb3 37. Qe2 Rxa3 38. Rc7 Ra1 39. Qe3 Rxf1+ 40.
Kxf1 Qb6 41. Rc5 Qe6 42. Qxe6+ Bxe6 43. Rc7 Rf7 44. Rxf7 Kxf7 45. Ke2 Kf6 46.
Ke3 Ke5 47. h4 Kd5 48. Kf4 Kc4 49. Kg5 Kxb4 50. Kh6 a5 51. Kxh7 Bf5 52. f3 a4
0-1

[Event "European Individual Chess Championship "]
[Site "Reykjavik, Iceland"]
[Date "2021.08.28"]
[Round "3.44"]
[White "Lorscheid, Gerhard"]
[Black "Maurizzi, Marc Andria"]
[Result "1/2-1/2"]
[WhiteElo "2202"]
[BlackElo "2488"]
[PlyCount "45"]
[EventDate "2021.08.26"]

1. d4 Nf6 2. c4 g6 3. Nc3 Bg7 4. e4 d6 5. Be2 O-O 6. Bg5 c5 7. d5 h6 8. Be3 e6
9. Nf3 exd5 10. exd5 Re8 11. O-O Nbd7 12. h3 Rxe3 13. fxe3 Qe7 14. Qd2 Nh5 15.
Bd3 Ne5 16. Nxe5 Bxe5 17. Rf3 f5 18. Qf2 Bd7 19. Ne2 Qg7 20. Kh1 Nf6 21. Nf4
Re8 22. Qc2 h5 23. Raf1 1/2-1/2